<?xml version="1.0" encoding="UTF-8"?>
<record
    xmlns:xsi="http://www.w3.org/2001/XMLSchema-instance"
    xsi:schemaLocation="http://www.loc.gov/MARC21/slim http://www.loc.gov/standards/marcxml/schema/MARC21slim.xsd"
    xmlns="http://www.loc.gov/MARC21/slim">

  <leader>01922nam a22002897a 4500</leader>
  <controlfield tag="001">1171</controlfield>
  <controlfield tag="005">20230807113033.0</controlfield>
  <controlfield tag="008">230807b        cb ||||| |||| 00| 0 khr d</controlfield>
  <datafield tag="020" ind1=" " ind2=" ">
    <subfield code="a">9789924341604</subfield>
  </datafield>
  <datafield tag="040" ind1=" " ind2=" ">
    <subfield code="a">FISKH </subfield>
    <subfield code="b">eng</subfield>
    <subfield code="c">FISKH </subfield>
    <subfield code="d">FISKH </subfield>
  </datafield>
  <datafield tag="082" ind1=" " ind2=" ">
    <subfield code="a">635.967</subfield>
  </datafield>
  <datafield tag="100" ind1=" " ind2=" ">
    <subfield code="a">Solida, Ouch </subfield>
  </datafield>
  <datafield tag="245" ind1=" " ind2=" ">
    <subfield code="a">&#x1782;&#x17B7;&#x179A;&#x17B8; &#x1793;&#x17B7;&#x1784; &#x179F;&#x17BB;&#x1797;&#x17B8;&#x179B;&#x17C1;&#x1784;&#x1791;&#x17B9;&#x1780;&#x1787;&#x17D2;&#x179A;&#x17C4;&#x17C7; / </subfield>
  </datafield>
  <datafield tag="250" ind1=" " ind2=" ">
    <subfield code="a">&#x1782;&#x17D2;&#x179A;&#x17B7;&#x17C7;&#x179F;&#x17D2;&#x1790;&#x17B6;&#x1793;&#x1794;&#x17C4;&#x17C7;&#x1796;&#x17BB;&#x1798;&#x17D2;&#x1796;&#x1795;&#x17D2;&#x179F;&#x17B6;&#x1799; Sipar &#x1780;&#x1789;&#x17D2;&#x1789;&#x17B6; &#x17E2;&#x17E0;&#x17E2;&#x17E2; </subfield>
  </datafield>
  <datafield tag="260" ind1=" " ind2=" ">
    <subfield code="a">Phnom Penh : </subfield>
    <subfield code="b">Sipar, </subfield>
    <subfield code="c">2022. </subfield>
  </datafield>
  <datafield tag="300" ind1=" " ind2=" ">
    <subfield code="a">24 pages : </subfield>
    <subfield code="b">color illustrations ; </subfield>
    <subfield code="c">22 cm </subfield>
  </datafield>
  <datafield tag="490" ind1=" " ind2=" ">
    <subfield code="a">&#x1781;&#x17D2;&#x1789;&#x17BB;&#x17C6;&#x1785;&#x17C1;&#x17C7;&#x17A2;&#x17B6;&#x1793; </subfield>
  </datafield>
  <datafield tag="505" ind1=" " ind2=" ">
    <subfield code="a">F </subfield>
  </datafield>
  <datafield tag="520" ind1=" " ind2=" ">
    <subfield code="a">&#x1793;&#x17C5;&#x1790;&#x17D2;&#x1784;&#x17C3;&#x1788;&#x1794;&#x17CB;&#x179F;&#x1798;&#x17D2;&#x179A;&#x17B6;&#x1780;&#x1798;&#x17BD;&#x1799; &#x1782;&#x17B7;&#x179A;&#x17B8; &#x1793;&#x17B7;&#x1784;&#x179F;&#x17BB;&#x1797;&#x17B8;&#x1794;&#x17B6;&#x1793;&#x1791;&#x17C5;&#x179B;&#x17C1;&#x1784;&#x1791;&#x17B9;&#x1780;&#x1787;&#x17D2;&#x179A;&#x17C4;&#x17C7;&#x1793;&#x17C5;&#x1780;&#x17D2;&#x1794;&#x17C2;&#x179A;&#x1795;&#x17D2;&#x1791;&#x17C7;&#x1798;&#x17B7;&#x178F;&#x17D2;&#x178F;&#x17AA;&#x1796;&#x17BB;&#x1780;&#x179A;&#x1794;&#x179F;&#x17CB;&#x1781;&#x17D2;&#x179B;&#x1793; &#x17D4; &#x1796;&#x17BD;&#x1780;&#x1782;&#x17C1;&#x1794;&#x17B6;&#x1793;&#x179B;&#x17C1;&#x1784;&#x1793;&#x17C5;&#x1791;&#x17B8;&#x1793;&#x17C4;&#x17C7;&#x179F;&#x1794;&#x17D2;&#x1794;&#x17B6;&#x1799;&#x1799;&#x17C9;&#x17B6;&#x1784;&#x1781;&#x17D2;&#x179B;&#x17B6;&#x17C6;&#x1784; &#x179F;&#x17D2;&#x179A;&#x17B6;&#x1794;&#x17CB;&#x178F;&#x17C2;&#x179C;&#x17C2;&#x1793;&#x178F;&#x17B6;&#x179A;&#x1794;&#x179F;&#x17CB;&#x1782;&#x17B7;&#x179A;&#x17B8;&#x1794;&#x17B6;&#x1793;&#x1792;&#x17D2;&#x179B;&#x17B6;&#x1780;&#x17CB;&#x1785;&#x17BC;&#x179B;&#x1791;&#x17C5;&#x1780;&#x17D2;&#x1793;&#x17BB;&#x1784;&#x1791;&#x17B9;&#x1780; &#x1798;&#x17B7;&#x1793;&#x1799;&#x17BC;&#x179A;&#x1794;&#x17C9;&#x17BB;&#x1793;&#x17D2;&#x1798;&#x17B6;&#x1793;&#x17AA;&#x1796;&#x17BB;&#x1780;&#x179A;&#x1794;&#x179F;&#x17CB;&#x1782;&#x17B7;&#x179A;&#x17B8;&#x1794;&#x17B6;&#x1793;&#x179A;&#x1780;&#x1783;&#x17BE;&#x1789;&#x179C;&#x17B7;&#x1789; &#x17A0;&#x17BE;&#x1799;&#x1799;&#x1780;&#x1798;&#x1780;&#x1785;&#x1784;&#x1780;&#x17C5;&#x179F;&#x17CA;&#x17BC;&#x1780;&#x17BB;&#x17C6;&#x17A2;&#x17C4;&#x1799;&#x179A;&#x1794;&#x17BC;&#x178F;&#x1798;&#x17D2;&#x178A;&#x1784;&#x1791;&#x17C0;&#x178F;&#x17D4; </subfield>
  </datafield>
  <datafield tag="520" ind1=" " ind2=" ">
    <subfield code="a">On a holiday, Kiri and Sophy visit a waterfall near her father's friend's house. They were playing happily there when Kiri's glasses fell into the water and Kiri's father soon found them and tied them up with rubber to keep them from slipping off&#x200B; again.</subfield>
  </datafield>
  <datafield tag="521" ind1=" " ind2=" ">
    <subfield code="a">300 
</subfield>
    <subfield code="b">Lexile estimate </subfield>
  </datafield>
  <datafield tag="521" ind1=" " ind2=" ">
    <subfield code="a">F 
</subfield>
    <subfield code="b">Raz-Plus 
</subfield>
  </datafield>
  <datafield tag="650" ind1=" " ind2=" ">
    <subfield code="a">&#x1782;&#x17B7;&#x179A;&#x17B8; &#x1793;&#x17B7;&#x1784; &#x179F;&#x17BB;&#x1797;&#x17B8; </subfield>
    <subfield code="v">&#x1791;&#x17B9;&#x1780;&#x1787;&#x17D2;&#x179A;&#x17C4;&#x17C7; </subfield>
    <subfield code="x">&#x179C;&#x17C2;&#x1793;&#x178F;&#x17B6;&#x200B; </subfield>
  </datafield>
  <datafield tag="650" ind1=" " ind2=" ">
    <subfield code="a">Kiri and Sophy</subfield>
    <subfield code="v">Waterfall </subfield>
    <subfield code="x">Glasses</subfield>
  </datafield>
  <datafield tag="700" ind1=" " ind2=" ">
    <subfield code="a">Rotha, Ouk </subfield>
    <subfield code="c">illustrator </subfield>
  </datafield>
  <datafield tag="942" ind1=" " ind2=" ">
    <subfield code="2">ddc</subfield>
    <subfield code="c">BK</subfield>
    <subfield code="n">0</subfield>
  </datafield>
  <datafield tag="999" ind1=" " ind2=" ">
    <subfield code="c">1171</subfield>
    <subfield code="d">1171</subfield>
  </datafield>
  <datafield tag="952" ind1=" " ind2=" ">
    <subfield code="0">0</subfield>
    <subfield code="1">0</subfield>
    <subfield code="2">ddc</subfield>
    <subfield code="4">0</subfield>
    <subfield code="7">0</subfield>
    <subfield code="8">KH</subfield>
    <subfield code="a">001</subfield>
    <subfield code="b">001</subfield>
    <subfield code="c">KHRS</subfield>
    <subfield code="d">2023-08-07</subfield>
    <subfield code="l">1</subfield>
    <subfield code="o">SOL 635.967</subfield>
    <subfield code="p">2023-0197</subfield>
    <subfield code="r">2025-06-09 14:34:02</subfield>
    <subfield code="s">2025-02-14</subfield>
    <subfield code="t">1</subfield>
    <subfield code="w">2023-08-07</subfield>
    <subfield code="y">BK</subfield>
  </datafield>
  <datafield tag="952" ind1=" " ind2=" ">
    <subfield code="0">0</subfield>
    <subfield code="1">0</subfield>
    <subfield code="2">ddc</subfield>
    <subfield code="4">0</subfield>
    <subfield code="7">0</subfield>
    <subfield code="8">KH</subfield>
    <subfield code="a">001</subfield>
    <subfield code="b">001</subfield>
    <subfield code="c">KHRS</subfield>
    <subfield code="d">2023-08-07</subfield>
    <subfield code="l">2</subfield>
    <subfield code="o">SOL 635.967</subfield>
    <subfield code="p">2023-0198</subfield>
    <subfield code="q">2025-11-27</subfield>
    <subfield code="r">2025-11-13 15:04:38</subfield>
    <subfield code="s">2025-11-13</subfield>
    <subfield code="t">2</subfield>
    <subfield code="w">2023-08-07</subfield>
    <subfield code="y">BK</subfield>
  </datafield>
</record>
